| 000 | 00792nac a22002657a 4500 | ||
|---|---|---|---|
| 001 | BR9904776 | ||
| 003 | BR-BrBNA | ||
| 005 | 20240105122319.0 | ||
| 008 | 230509b bl.|||m| |||| 00| 0 por d | ||
| 040 |
_aBR-BrBNA _bpor _cBiblioteca Nacional de Agricultura |
||
| 072 | _aH20 | ||
| 090 | _a1410 BR9904776 | ||
| 110 | 1 | _aEmpresa Capixaba de Pesquisa Agropecuaria, Vitoria (Brasil) | |
| 245 | 1 | _aMurcha e mela do feijoeiro | |
| 260 | 3 |
_aVitoria, ES (Brasil): _c1998. |
|
| 300 | _a4 p. | ||
| 490 |
_aDocumentos - Empresa Capixaba de Pesquisa Agropecuaria (Brazil) _vno. 95 _x |
||
| 500 | _a6 illus. | ||
| 650 | _aFeijao | ||
| 650 | _aDoenca de Planta | ||
| 650 | _aMurcha de Fusarium | ||
| 650 | _aMela | ||
| 909 |
_a202312 _bLúcia Elande _c55 _dLúcia Elande |
||
| 942 |
_2AGRIS _n0 _cMS |
||
| 999 |
_c290358 _d290358 |
||